. ديوان كثير عزة (Record no. 14294)

MARC details
000 -LEADER
fixed length control field 00781nam a2200229 4500
008 - FIXED-LENGTH DATA ELEMENTS--GENERAL INFORMATION
fixed length control field b xx# ara u
010 ## - LIBRARY OF CONGRESS CONTROL NUMBER
LC control number 44363
040 ## - CATALOGING SOURCE
Original cataloging agency LB-BrCRDP
082 ## - DEWEY DECIMAL CLASSIFICATION NUMBER
Classification number 892.71/A991d
100 1# - MAIN ENTRY--PERSONAL NAME
Personal name . ديوان كثير عزة ،40ه-105ه
130 0# - MAIN ENTRY--UNIFORM TITLE
Language of a work AR
240 ## - UNIFORM TITLE
Uniform title Diwan Kouseir Aizat
245 10 - TITLE STATEMENT
Title . ديوان كثير عزة
Statement of responsibility, etc. كثيّر عزّة ؛ شرحه عدنان زكي درويش
260 ## - PUBLICATION, DISTRIBUTION, ETC.
Place of publication, distribution, etc. بيروت
Name of publisher, distributor, etc. دار صادر
Date of publication, distribution, etc. 1994
300 ## - PHYSICAL DESCRIPTION
Extent 358 ص . ؛
Dimensions 24 سم .
500 ## - GENERAL NOTE
General note * صفحة عنوان بالانكليزية
650 ## - SUBJECT ADDED ENTRY--TOPICAL TERM
Topical term or geographic name entry element عزّة، كثيّر، 40-105ه
General subdivision ديوان
700 10 - ADDED ENTRY--PERSONAL NAME
Personal name درويش، عدنان زكي، محقق
700 0# - ADDED ENTRY--PERSONAL NAME
Personal name Diwan Kouseir Aizat
942 ## - ADDED ENTRY ELEMENTS (KOHA)
Koha item type Books
Holdings
Withdrawn status Lost status Source of classification or shelving scheme Damaged status Not for loan Home library Current library Shelving location Date acquired Total Checkouts Full call number Barcode Date last seen Copy number Price effective from Koha item type
    Dewey Decimal Classification     مكتبة المطبعة - سن الفيل مكتبة المطبعة - سن الفيل Salle de Lecture 07/28/2016   892.71 A991d CRF005344 07/28/2016 1 07/28/2016 Books